Indicadores de ciencia y tecnología, El Salvador 2021 (Registro nro. 34735)

Detalles MARC
000 -CABECERA
Longitud fija campo de control 00824nas a2200241 a 4500
003 - IDENTIFICADOR DELl NÚMERO DE CONTROL
Identificador del número de control OSt
005 - FECHA Y HORA DE LA ÚLTIMA TRANSACCIÓN
Fecha y hora de la última transacción 20240307144533.0
007 - CAMPO FIJO DE DESCRIPCIÓN FÍSICA
Campo fijo de descripción f&íacute;sica cb e
008 - CÓDIGOS DE INFORMACIÓN DE LONGITUD FIJA
Códigos de información de longitud fija 030604c2022 esp r 00011 spa d
022 ## - NÚMERO INTERNACIONAL NORMALIZADO PARA PUBLICACIONES SERIADAS
Número Internacional Normalizado para Publicaciones Seriadas 2226-602X
040 ## - FUENTE DE LA CATALOGACIÓN
Centro transcriptor BMC
082 ## - NÚMERO DE LA CLASIFICACIÓN DECIMAL DEWEY
Númeroo de clasificación 310.7284
082 ## - NÚMERO DE LA CLASIFICACIÓN DECIMAL DEWEY
Númeroo de clasificación 500.7284
082 ## - NÚMERO DE LA CLASIFICACIÓN DECIMAL DEWEY
Númeroo de clasificación 600.7284
245 00 - MENCIÓN DE TÍTULO
Título Indicadores de ciencia y tecnología, El Salvador 2021
Resto del título : Estadísticas sobre actividades científicas y tecnológicas e investigación y desarrollo El Salvador
250 ## - MENCIÓN DE EDICIÓN
Mención de edición 15ª ed.
260 ## - PUBLICACIÓN, DISTRIBUCIÓN, ETC. (PIE DE IMPRENTA)
Lugar de publicación, distribución, etc. San Salvador
Nombre del editor, distribuidor, etc. CONACYT
-- Viceministerio de Ciencia y Tecnología, Ministerio de Educación
Fecha de publicación, distribución, etc. 2021
300 ## - DESCRIPCIÓN FÍSICA
Extensión 137 p.
Dimensiones 28 cm
650 24 - PUNTO DE ACCESO ADICIONAL DE MATERIA - TÉRMINO DE MATERIA
Término de materia o nombre geográfico como elemento inicial Ciencia
9 (RLIN) 32953
Subdivisión geográfica El Salvador
650 24 - PUNTO DE ACCESO ADICIONAL DE MATERIA - TÉRMINO DE MATERIA
Término de materia o nombre geográfico como elemento inicial Tecnología
9 (RLIN) 32954
Subdivisión geográfica El Salvador
651 24 - PUNTO DE ACCESO ADICIONAL DE MATERIA - NOMBRE GEOGRÁFICO
9 (RLIN) 9356
Nombre geográfico El Salvador
Subdivisión de materia general Estadísticas
942 ## - ENTRADA DE ELEMENTOS AGREGADOS (KOHA)
Fuente de clasificaión o esquema Dewey Decimal Classification
Koha [por defecto] tipo de item 1- Monografias
Parte de clasificación prozim
Existencias
Suprimido Perdido Fuente de clasificación o esquema Estropeado Restricciones de uso No para préstamo Código de colección Localización permanente Localización actual Localización en estanter&íacute;as Fecha adquisición Fuente de adquisición Número de inventario Préstamos totales Signatura completa Código de barras Fecha última consulta Fecha del precio de reemplazo Tipo de item de Koha
NULL NULL Dewey Decimal Classification NULL Prestable NULL NULL Biblioteca Miguel de Cervantes - UNICAES Biblioteca Miguel de Cervantes - UNICAES Sala Principal 23/02/2024 Donación - CONACYT 001100   RVAR- 001100 1052792 15/01/2025 15/01/2025 1- Monografias